| 000 | 00661nam a22002057a 4500 | ||
|---|---|---|---|
| 999 |
_c6341 _d6341 |
||
| 003 | AR-CdUCM | ||
| 008 | 190314b ||||| |||| 00| 0 spa d | ||
| 040 |
_aMUNICIPALIDAD PROVINCIAL DEL CUSCO _cBIBLIOTECA MUNICIPAL DEL CUSCO |
||
| 082 |
_a869.57 / _bA45 |
||
| 100 |
_aÁlvarez Ojeda, Favio _918126 |
||
| 245 | _aMujer de pan y agua / | ||
| 260 |
_aCusco : _bEdiciones Di- Versos, _c2009. |
||
| 300 |
_a15 páginas ; _bFotografías, _c20 cm. |
||
| 505 | _aContenido: Lunes -- Martes -- Miércoles -- Jueves... | ||
| 650 |
_aPoesía cusqueña. _92323 |
||
| 650 |
_aPoemas peruanos. _91040 |
||
| 650 |
_aSiglo XXI _92856 |
||
| 942 |
_2ddc _cLIBROS |
||
| 945 | _adavv | ||